000
00228nam a22000857a 4500
008
160712b xxu||||| |||| 00| 0 eng d
100
_9
2628
_a
Dreamland
245
_a
Beauty and the Beast
260
_a
New Delhi
_b
Dreamland Publication
999
_c
2282
_d
2282